MARC

LEADER 00000nam0a2200000 4500
001 281411
005 20231031232755.0
020 |a RU  |b 86-66976 
035 |a (RuTPU)RU\TPU\book\305129 
090 |a 281411 
100 |a 20150122d1986 k y0rusy5003 ca 
101 0 |a rus 
102 |a RU 
105 |a y z 000zy 
200 1 |a Природа научного открытия  |e философскко-методологический анализ  |f Академия наук СССР (АН СССР), Центральный совет философских(методологических семинаров) при президиуме АН СССР ; под ред. В. С. Готта 
210 |a Москва  |c Наука  |d 1986 
215 |a 304 с. 
300 |a Авт. указаны в огл. 
606 1 |a Научные открытия  |2 stltpush  |3 (RuTPU)RU\TPU\subj\45174 
610 1 |a эвристический алгоритм 
610 1 |a картина мира 
610 1 |a научный поиск 
610 1 |a философский анализ 
610 1 |a научное мировоззрение 
610 1 |a содержательный анализ 
610 1 |a формальная теория 
610 1 |a диалектика 
610 1 |a научное творчество 
610 1 |a методология 
610 1 |a наблюдаемость 
610 1 |a физические теории 
686 |a Ю251.20  |2 rubbk 
702 1 |a Готт  |b В. С.  |g Владимир Спиридонович  |4 340 
712 0 2 |a Академия наук СССР (АН СССР)  |b Центральный совет философских(методологических семинаров) при президиуме АН СССР  |c (Ленинград/Москва)  |c (1925-1991)  |2 stltpush  |3 (RuTPU)RU\TPU\col\722 
801 0 |a RU  |b RuMRKP  |c 19950704  |g psbo 
801 1 |a RU  |b 63413507  |c 20150122 
801 2 |a RU  |b 63413507  |c 20170703  |g RCR 
942 |c BK